[Event "23nd Wasselonne Open 2018"]
[Site "Wasselonne"]
[Date "2018.08.03"]
[Round "4"]
[White "Lerch, Patrice"]
[Black "Luba, Lukasz"]
[Result "1-0"]
[WhiteElo "2388"]
[BlackElo "2117"]
[Annotator "NA"]
[PlyCount "107"]
[EventDate "2018.08.02"]
[EventType "swiss"]
[EventCountry "FRA"]
[SourceTitle "playchess.com"]
[Source "ChessBase"]
[SourceQuality "1"]
[TimeControl "5400+30"]

1. e4 {[%emt 0:00:00]} c6 {[%emt 0:00:34]} 2. Ne2 {[%emt 0:01:10]} d5 {[%emt 0:00:22]} 3. e5 {[%emt 0:00:08]} f5 {[%emt 0:05:33]} 4. Nf4 {[%emt 0:03:57]} g6 {[%emt 0:00:02]} 5. d4 {[%emt 0:00:25]} Nh6 {[%emt 0:02:47]} 6. c4 $16 {[%emt 0:02:44]} e6 {[%emt 0:00:10]} 7. Nc3 {[%emt 0:00:06]} Bd7 {[%emt 0:06:24]} 8. Qb3 {[%emt 0:06:36]} Na6 {[%emt 0:09:48]} 9. c5 {[%emt 0:04:17]} Nc7 {[%emt 0:03:47]} 10. Qxb7 {[%emt 0:01:55]} Kf7 {[%emt 0:09:49]} 11. Nh3 {[%emt 0:03:31]} Ng8 {[%emt 0:03:22]} 12. Qb3 {[%emt 0:05:01]} Bh6 {[%emt 0:01:38]} 13. Qd1 {[%emt 0:01:21]} Kg7 {[%emt 0:01:15]} 14. Be2 {[%emt 0:01:56]} Bxc1 {[%emt 0:00:09]} 15. Qxc1 {[%emt 0:00:28]} h6 {[%emt 0:00:47]} 16. f4 {[%emt 0:00:56]} h5 {[%emt 0:01:56]} 17. O-O {[%emt 0:00:38]} Nh6 {[%emt 0:00:29]} 18. Qd2 {[%emt 0:00:47]} Qe7 {[%emt 0:01:06]} 19. b4 {[%emt 0:00:51]} Rhb8 {[%emt 0:00:28]} 20. Rfb1 {[%emt 0:00:07]} Rb7 {[%emt 0:00:37]} 21. Nf2 {[%emt 0:02:45]} Rab8 {[%emt 0:04:22]} 22. a3 {[%emt 0:01:17]} Ng4 {[%emt 0:01:20]} 23. Nd3 {[%emt 0:06:25]} Rh8 {[%emt 0:00:58]} 24. Bf1 {[%emt 0:01:00]} Qh4 {[%emt 0:00:32]} 25. g3 {[%emt 0:04:04]} Qe7 {[%emt 0:00:13]} 26. h4 {[%emt 0:00:06]} Rhb8 {[%emt 0:00:34]} 27. Nc1 {[%emt 0:00:16]} Rf8 {[%emt 0:02:09]} 28. Nb3 {[%emt 0:00:38]} Rbb8 {[%emt 0:02:55]} 29. Bd3 {[%emt 0:00:30]} Rf7 {[%emt 0:00:48]} 30. Na5 {[%emt 0:00:22]} Rbf8 {[%emt 0:02:42]} 31. Ne2 {[%emt 0:05:38]} Rb8 {[%emt 0:01:52]} 32. Rb2 {[%emt 0:00:29]} Qf8 {[%emt 0:01:03]} 33. Kg2 {[%emt 0:01:05]} Re7 {[%emt 0:01:30]} 34. Rab1 {[%emt 0:01:04]} Ree8 {[%emt 0:00:15]} 35. Nc3 {[%emt 0:00:39]} Nb5 {[%emt 0:02:05]} 36. a4 {[%emt 0:02:47]} Nxd4 {[%emt 0:04:31]} 37. Ba6 {[%emt 0:01:18]} Rxb4 {[%emt 0:02:19]} 38. Rxb4 {[%emt 0:00:06]} Nc2 {[%emt 0:00:06]} 39. Rb7 {[%emt 0:02:20]} Nce3+ {[%emt 0:00:56]} 40. Kh1 {[%emt 0:00:34]} Re7 {[%emt 0:00:02]} 41. Be2 {[%emt 0:01:03]} Rf7 {[%emt 0:01:01]} 42. Bxg4 {[%emt 0:00:36]} Nxg4 {[%emt 0:00:02]} 43. Rxa7 {[%emt 0:00:34]} g5 {[%emt 0:00:22]} 44. Rbb7 {[%emt 0:00:57]} Be8 {[%emt 0:00:02]} 45. fxg5 {[%emt 0:00:36]} Qxc5 {[%emt 0:00:07]} 46. Nb3 {[%emt 0:04:34]} Qc4 {[%emt 0:00:49]} 47. Kg2 {[%emt 0:00:04]} Kg6 {[%emt 0:01:13]} 48. Qd4 {[%emt 0:00:27]} Rxb7 {[%emt 0:00:17]} 49. Rxb7 {[%emt 0:00:38]} c5 {[%emt 0:00:01]} 50. Qxc4 {[%emt 0:00:53]} dxc4 {[%emt 0:00:02]} 51. Na5 {[%emt 0:00:24]} Nxe5 {[%emt 0:00:21]} 52. Ne2 {[%emt 0:00:33]} f4 {[%emt 0:00:35]} 53. Nxf4+ {[%emt 0:00:08]} Kf5 {[%emt 0:00:01]} 54. Rc7 {[%emt 0:00:37]} 1-0

[Event "23nd Wasselonne Open 2018"]
[Site "Wasselonne"]
[Date "2018.08.03"]
[Round "4"]
[White "Msellek, Ilyass"]
[Black "Bellahcene, Bilel"]
[Result "1/2-1/2"]
[WhiteElo "2242"]
[BlackElo "2507"]
[Annotator "RC"]
[PlyCount "43"]
[EventDate "2018.08.02"]
[EventType "swiss"]
[EventCountry "FRA"]
[SourceTitle "playchess.com"]
[Source "ChessBase"]
[SourceQuality "1"]
[TimeControl "5400+30"]

1. d4 {[%emt 0:00:00]} Nf6 {[%emt 0:00:00]} 2. Nf3 {[%emt 0:00:04]} e6 {[%emt 0:00:06]} 3. e3 {[%emt 0:00:08]} d5 {[%emt 0:00:38]} 4. Bd3 {[%emt 0:00:08]} c5 {[%emt 0:01:00]} 5. b3 {[%emt 0:00:04]} Nbd7 {[%emt 0:02:44]} 6. Bb2 {[%emt 0:00:13]} Be7 {[%emt 0:00:26]} 7. Nbd2 {[%emt 0:00:12]} b6 {[%emt 0:00:15]} 8. O-O {[%emt 0:00:28]} Bb7 {[%emt 0:00:02]} 9. Ne5 {[%emt 0:01:15]} O-O {[%emt 0:02:24]} 10. f4 {[%emt 0:00:17]} Ne4 {[%emt 0:10:42]} 11. Nxe4 {[%emt 0:05:05]} dxe4 {[%emt 0:00:10]} 12. Bc4 {[%emt 0:00:13]} Nxe5 {[%emt 0:08:30]} 13. dxe5 {[%emt 0:03:01]} Qxd1 {[%emt 0:03:08]} 14. Rfxd1 {[%emt 0:04:07]} Bc6 {[%emt 0:00:21]} 15. a4 {[%emt 0:02:54]} a6 {[%emt 0:00:10]} 16. Be2 {[%emt 0:04:29]} g6 {[%emt 0:05:39]} 17. Kf2 {[%emt 0:04:07]} h5 {[%emt 0:00:44]} 18. g3 {[%emt 0:02:13]} b5 {[%emt 0:00:25]} 19. axb5 {[%emt 0:01:25]} axb5 {[%emt 0:00:02]} 20. Rxa8 {[%emt 0:03:41]} Rxa8 {[%emt 0:00:17]} 21. Ra1 {[%emt 0:00:09]} Rxa1 {[%emt 0:00:21]} 22. Bxa1 {[%emt 0:00:00]} 1/2-1/2

[Event "23nd Wasselonne Open 2018"]
[Site "Wasselonne"]
[Date "2018.08.03"]
[Round "4"]
[White "Briet, Antoine"]
[Black "Stephan, Victor"]
[Result "1/2-1/2"]
[WhiteElo "2208"]
[BlackElo "2361"]
[Annotator "NA"]
[PlyCount "123"]
[EventDate "2018.08.02"]
[EventType "swiss"]
[EventCountry "FRA"]
[SourceTitle "playchess.com"]
[Source "ChessBase"]
[SourceQuality "1"]
[TimeControl "5400+30"]

1. e4 {[%emt 0:00:00]} e5 {[%emt 0:00:00]} 2. Nf3 {[%emt 0:00:00]} Nf6 {[%emt 0:00:00]} 3. Nxe5 {[%emt 0:00:00]} d6 {[%emt 0:00:10]} 4. Nf3 {[%emt 0:00:04]} Nxe4 {[%emt 0:00:08]} 5. d4 {[%emt 0:00:14]} d5 {[%emt 0:00:59]} 6. Bd3 {[%emt 0:00:12]} Nc6 {[%emt 0:00:42]} 7. O-O {[%emt 0:00:13]} Be7 {[%emt 0:00:05]} 8. c4 {[%emt 0:00:08]} Nb4 {[%emt 0:00:08]} 9. Be2 {[%emt 0:00:07]} O-O {[%emt 0:00:31]} 10. Nc3 {[%emt 0:00:19]} Bf5 {[%emt 0:01:03]} 11. a3 {[%emt 0:00:29]} Nxc3 {[%emt 0:00:23]} 12. bxc3 {[%emt 0:00:07]} Nc6 $1 {[%emt 0:00:06]} 13. Re1 {[%emt 0:00:14]} Re8 {[%emt 0:02:15] LiveBook: 432 Games} 14. Bf4 {[%emt 0:00:22]} Rc8 $11 {[%emt 0:04:02]} 15. cxd5 {[%emt 0:06:04]} Qxd5 {[%emt 0:00:10]} 16. h3 {[%emt 0:03:38]} h6 {[%emt 0:00:06]} 17. Nd2 {[%emt 0:00:52]} Bf6 {[%emt 0:04:51]} 18. Bf3 {[%emt 0:02:07]} Rxe1+ {[%emt 0:07:16]} 19. Qxe1 {[%emt 0:00:11]} Qd7 {[%emt 0:01:57]} 20. Ne4 {[%emt 0:01:47]} Bxe4 {[%emt 0:03:57]} 21. Qxe4 {[%emt 0:03:01]} Re8 {[%emt 0:00:40]} 22. Qd5 {[%emt 0:00:29]} Qe7 {[%emt 0:01:25]} 23. Rb1 {[%emt 0:05:25]} Nd8 {[%emt 0:06:02]} 24. Qa5 {[%emt 0:02:34]} Ne6 {[%emt 0:02:22]} 25. Bg3 {[%emt 0:00:39]} b6 {[%emt 0:12:42]} 26. Qxa7 {[%emt 0:00:24]} Bh4 {[%emt 0:00:03]} 27. Bc6 {[%emt 0:06:14]} Rd8 {[%emt 0:01:48]} 28. Bxh4 {[%emt 0:01:35]} Qxh4 {[%emt 0:00:02]} 29. Re1 {[%emt 0:05:56]} Qf4 {[%emt 0:00:14]} 30. Re3 {[%emt 0:18:16]} Qd6 {[%emt 0:02:12]} 31. Qa4 {[%emt 0:05:19]} Nf4 {[%emt 0:00:20]} 32. Bf3 {[%emt 0:01:37]} Qg6 {[%emt 0:06:44]} 33. Re8+ {[%emt 0:00:48]} Rxe8 {[%emt 0:00:02]} 34. Qxe8+ {[%emt 0:00:10]} Kh7 {[%emt 0:00:03]} 35. Be4 {[%emt 0:00:41]} f5 {[%emt 0:00:26]} 36. Qxg6+ {[%emt 0:00:08]} Kxg6 {[%emt 0:00:05]} 37. Bf3 {[%emt 0:00:41]} Kf6 {[%emt 0:02:08]} 38. Kf1 {[%emt 0:00:49]} g5 {[%emt 0:01:42]} 39. g3 {[%emt 0:01:56]} Ng6 {[%emt 0:09:39]} 40. Ke2 {[%emt 0:01:26]} Ke6 {[%emt 0:00:05]} 41. Kd3 {[%emt 0:00:31]} Kd6 {[%emt 0:00:05]} 42. Kc4 {[%emt 0:01:33]} Nf8 {[%emt 0:03:12]} 43. Bb7 {[%emt 0:02:34]} f4 {[%emt 0:08:24]} 44. Bc8 {[%emt 0:02:04]} Ng6 {[%emt 0:02:07]} 45. Bf5 {[%emt 0:00:20]} Ne7 {[%emt 0:01:09]} 46. Be4 {[%emt 0:00:06]} fxg3 {[%emt 0:00:23]} 47. fxg3 {[%emt 0:00:06]} c6 {[%emt 0:02:10]} 48. a4 {[%emt 0:03:33]} Ng8 {[%emt 0:01:30]} 49. Kb4 {[%emt 0:00:35]} Nf6 {[%emt 0:00:03]} 50. Bf3 {[%emt 0:00:08]} h5 {[%emt 0:00:26]} 51. c4 {[%emt 0:00:31]} g4 {[%emt 0:00:35]} 52. hxg4 {[%emt 0:00:21]} hxg4 {[%emt 0:00:02]} 53. c5+ {[%emt 0:00:30]} bxc5+ {[%emt 0:00:17]} 54. dxc5+ {[%emt 0:00:10]} Kc7 {[%emt 0:00:09]} 55. Be2 {[%emt 0:02:56]} Ne4 {[%emt 0:00:06]} 56. Bxg4 {[%emt 0:00:18]} Nxg3 {[%emt 0:00:03]} 57. Kc4 {[%emt 0:01:56]} Ne4 {[%emt 0:00:53]} 58. Kd4 {[%emt 0:01:33]} Nf6 {[%emt 0:00:32]} 59. Be6 {[%emt 0:02:06]} Nh7 {[%emt 0:02:55]} 60. a5 {[%emt 0:07:59]} Ng5 {[%emt 0:00:51]} 61. Bg4 {[%emt 0:00:12]} Kb7 {[%emt 0:00:49]} 62. Ke5 {[%emt 0:02:39]} 1/2-1/2

[Event "23nd Wasselonne Open 2018"]
[Site "Wasselonne"]
[Date "2018.08.03"]
[Round "4"]
[White "Thomas, Anysia"]
[Black "Mohota, Nisha"]
[Result "0-1"]
[WhiteElo "2168"]
[BlackElo "2268"]
[Annotator "NA"]
[PlyCount "74"]
[EventDate "2018.08.02"]
[EventType "swiss"]
[EventCountry "FRA"]
[SourceTitle "playchess.com"]
[Source "ChessBase"]
[SourceQuality "1"]
[TimeControl "5400+30"]

1. d4 {[%emt 0:00:00]} Nf6 {[%emt 0:00:33]} 2. c4 {[%emt 0:00:00]} e6 {[%emt 0:00:32]} 3. Nf3 {[%emt 0:00:00]} d5 {[%emt 0:00:42]} 4. g3 {[%emt 0:00:00]} Bb4+ {[%emt 0:00:47]} 5. Bd2 {[%emt 0:00:30]} Bd6 {[%emt 0:01:10]} 6. Bg2 {[%emt 0:00:20]} c6 {[%emt 0:00:23]} 7. Qc2 {[%emt 0:01:18]} Ne4 {[%emt 0:03:38] LiveBook: 4 Games} 8. Nc3 {[%emt 0:01:55]} Nxd2 {[%emt 0:04:01]} 9. Nxd2 {[%emt 0:00:05]} f5 $11 {[%emt 0:00:32]} 10. O-O {[%emt 0:07:37]} O-O {[%emt 0:04:45]} 11. c5 {[%emt 0:03:29]} Bc7 {[%emt 0:03:07]} 12. f4 {[%emt 0:00:12]} Nd7 {[%emt 0:07:57]} 13. Nf3 {[%emt 0:01:39]} Qe7 {[%emt 0:00:07]} 14. b4 {[%emt 0:02:20]} Nf6 {[%emt 0:02:12]} 15. Ne5 {[%emt 0:03:39]} Bd7 {[%emt 0:01:04]} 16. Qd3 {[%emt 0:04:24]} Be8 {[%emt 0:01:37]} 17. e3 {[%emt 0:11:29]} g5 18. Rab1 {[%emt 0:12:05]} b6 {[%emt 0:19:13]} 19. Qa6 {[%emt 0:08:56]} bxc5 {[%emt 0:16:55]} 20. bxc5 {[%emt 0:01:52]} Bxe5 {[%emt 0:00:38]} 21. fxe5 {[%emt 0:02:38]} Ng4 {[%emt 0:01:13]} 22. Rb7 {[%emt 0:12:23]} Qd8 {[%emt 0:02:25]} 23. Rxa7 {[%emt 0:07:21]} Rxa7 {[%emt 0:00:49]} 24. Qxa7 {[%emt 0:00:04]} Nxe3 {[%emt 0:01:21]} 25. Rb1 {[%emt 0:00:18]} g4 {[%emt 0:01:21]} 26. Ne2 {[%emt 0:04:14]} f4 {[%emt 0:06:27]} 27. Nxf4 {[%emt 0:03:10]} Qg5 {[%emt 0:11:29]} 28. Rb7 {[%emt 0:09:26]} Qf5 {[%emt 0:01:08]} 29. Qb6 {[%emt 0:00:14]} Nxg2 {[%emt 0:03:57]} 30. Kxg2 {[%emt 0:00:23]} Qe4+ {[%emt 0:02:27]} 31. Kg1 {[%emt 0:00:44]} Qxd4+ {[%emt 0:00:29]} 32. Kf1 {[%emt 0:01:53]} Qd1+ {[%emt 0:00:28]} 33. Kf2 {[%emt 0:00:28]} Qd2+ {[%emt 0:00:29]} 34. Kg1 {[%emt 0:01:15]} Qe1+ {[%emt 0:01:03]} 35. Kg2 {[%emt 0:00:05]} Bg6 {[%emt 0:00:23]} 36. Rg7+ {[%emt 0:01:02]} Kxg7 {[%emt 0:00:09]} 37. Qa7+ {[%emt 0:00:31]} Kg8 {[%emt 0:00:48]} 0-1

[Event "23nd Wasselonne Open 2018"]
[Site "Wasselonne"]
[Date "2018.08.04"]
[Round "5"]
[White "Bellahcene, Bilel"]
[Black "Briet, Antoine"]
[Result "1/2-1/2"]
[WhiteElo "2507"]
[BlackElo "2208"]
[Annotator "TA"]
[PlyCount "111"]
[EventDate "2018.08.02"]
[EventType "swiss"]
[EventCountry "FRA"]
[SourceTitle "playchess.com"]
[Source "ChessBase"]
[SourceQuality "1"]

{[%evp 10,111,21,10,52,26,25,25,31,17,35,8,101,98,101,92,91,86,92,93,89,89,87,88,102,92,106,103,104,105,138,129,145,35,33,32,36,24,41,34,53,53,58,38,74,66,58,31,36,45,173,173,133,157,166,164,160,156,138,91,333,333,333,333,333,333,318,311,311,92,100,37,37,43,45,45,51,51,53,52,138,37,52,24,791,19,30,16,16,16,16,16,16,0,0,0,0,0,0,0,0,0,0,-29969]} 1. e4 c5 2. Nc3 g6 3. d4 cxd4 4. Qxd4 Nf6 5. Nf3 {[%cal Bg1f3,Bf3d4,Bd4b5][%mdl 32]} Nc6 6. Qa4 {LiveBook: 303 Games. B27: Sicilian: 2 Nf3, unusual Black 2nd moves} Qc7 7. Nd5 Nxd5 8. exd5 {White has an edge.} Ne5 9. Nd4 {Hoping for Be2.} Bg7 10. Be2 (10. Nb5 $5 {[%cal Rb5c7]} Qb8 11. d6 exd6 12. Qa3 $14) 10... Qc5 (10... a6 $1 $11 {remains equal.}) 11. Nb5 $1 $36 {[%mdl 2048] White is in control.} O-O 12. O-O $146 {c4 is the strong threat.} ({Predecessor:} 12. Qb3 a5 13. Be3 a4 14. Bxc5 axb3 15. cxb3 {1-0 (35) Popov,I (2608)-Zakhartsov,V (2481) Moscow 2018}) 12... a6 13. Be3 axb5 14. Qxa8 (14. Bxc5 $2 {is the wrong capture.} Rxa4 15. b3 Ra8 $19) 14... Qxd5 15. Qa5 Nc4 16. Bxc4 $1 Qxc4 17. c3 d6 {[#]} 18. a4 $1 Bd7 {[%cal Rb5a4]} 19. axb5 Bxb5 {[#]} 20. b3 $1 {[%cal Rb3c4][%mdl 512]} Qd3 (20... Qxb3 21. Rab1) 21. Rac1 (21. Rfd1 $16 Qe2 22. Rd2) 21... Bc6 $14 22. Rfe1 Be5 23. f3 Qf5 24. Qb4 Ra8 25. Ra1 Rxa1 26. Rxa1 f6 27. Qc4+ Kg7 28. Rc1 Bd5 29. Qf1 {Black must now prevent f4.} Bxh2+ ({Avoid the trap} 29... Bxb3 $2 30. f4 $18) ({Better is} 29... g5 $1 $14) 30. Kxh2 $18 {aiming for c4.} Qe5+ 31. f4 Qxe3 $16 {[%mdl 4096] Endgame KQR-KQB} 32. Re1 Qxc3 {Strongly threatening ...Kf7.} 33. Rxe7+ Kf8 34. Rxh7 Qxb3 $2 (34... Qc2 $16) 35. Qa1 $18 {[%cal Ra1a8]} Kg8 36. Rd7 {[%cal Ra1a8]} Qa2 37. Qxa2 Bxa2 38. Rxd6 {KR-KB} Kf7 39. g4 $2 (39. Rd7+ $18 {and the rest is easy.} Ke6 40. Rxb7) 39... Ke7 $16 40. Rb6 (40. Rd2 $16 Bc4 41. f5) 40... Bd5 $14 41. Kg3 Bc6 42. Kf2 Kd6 43. Ke3 Kc5 44. Rb2 Bd5 (44... b5 $1 $14) 45. Rh2 ({White should play} 45. Rc2+ $16 Bc4 46. Rh2) 45... b5 46. Rh6 Bf7 $2 {[%mdl 8192]} (46... b4 $11) 47. Rh7 $2 (47. f5 $18) 47... Be6 $11 48. f5 gxf5 {The position is equal.} 49. gxf5 Bc4 50. Rh6 Kd5 51. Kf4 Kd4 52. Rxf6 b4 {[%cal Bb5b4,Bb4b3,Bb3b2][%mdl 32]} 53. Rf8 b3 54. f6 b2 55. Rb8 Kc3 56. Ke4 $2 {[%mdl 40960] Precision: White = 48%, Black = 45%. . An unexpected result.} (56. Rxb2 $11 Kxb2 57. Kg5) 1/2-1/2

[Event "23nd Wasselonne Open 2018"]
[Site "Wasselonne"]
[Date "2018.08.04"]
[Round "5"]
[White "Stephan, Victor"]
[Black "Msellek, Ilyass"]
[Result "1/2-1/2"]
[WhiteElo "2361"]
[BlackElo "2242"]
[Annotator "TA"]
[PlyCount "153"]
[EventDate "2018.08.02"]
[EventType "swiss"]
[EventCountry "FRA"]
[SourceTitle "playchess.com"]
[Source "ChessBase"]
[SourceQuality "1"]

{[%evp 21,153,0,-4,-12,-11,-11,0,-33,-17,-21,-21,-8,-11,-15,-12,-30,-26,-46,-9,-22,-27,-18,-26,-34,-8,-34,0,0,0,0,0,0,8,9,10,3,5,-1,0,-85,-71,-85,-85,-239,-174,-154,-167,-198,-219,-187,-187,-227,-224,-220,-185,-187,-114,-105,-58,-70,-75,-80,-49,-51,0,-15,-8,-9,-11,-15,0,-8,0,0,0,-64,-64,-64,-64,-66,-66,-107,-107,-104,-104,-88,-88,-396,-372,-265,-104,-106,0,-207,-87,-87,-88,-88,-91,-359,-319,-448,-427,-394,-258,-335,-104,-330,-85,-87,-87,-87,-87,-70,-81,-156,-41,-41,-8,-8,-8,-8,0,-9,0,0,0,0,0,-23,-23,-23,-23,-23]} 1. d4 Nf6 2. c4 e6 3. Nc3 Bb4 4. e3 O-O 5. Nge2 {[%cal Bg1e2,Be2g3,Bg3e4][%mdl 32]} d5 6. a3 Bd6 7. Ng3 c6 {E46: Nimzo-Indian: Rubinstein: 4 e3 0-0 5 Ne2 without early Bd3} 8. Be2 Nbd7 9. O-O dxc4 10. Bxc4 e5 11. Ba2 Nb6 {LiveBook: 13 Games} 12. Nge4 (12. dxe5 Bxe5 13. Qc2 Qe7 14. e4 Be6 15. Bxe6 Qxe6 {½-½ (51) Lopez Martinez,J (2584)-Meier,G (2648) Batumi 2018}) 12... Bc7 13. dxe5 $146 ({Predecessor:} 13. g3 Nxe4 14. Nxe4 Nd5 15. Qf3 {½-½ (29) Rau,M (2310)-Henderson,G (2144) ICCF email 2014}) 13... Bxe5 14. f4 {Strongly threatening Qxd8.} (14. Qxd8 {seems wilder.} Rxd8 15. Ng5 Rf8 16. Bd2 h6 17. Nf3) 14... Qxd1 (14... Bxc3 {with more complications.} 15. Qxd8 Rxd8 16. Nxc3 Bf5 17. b4 Bd3) 15. Rxd1 Bxc3 16. Nxc3 Bf5 17. h3 h5 18. Bd2 Rfe8 19. Rac1 Rad8 (19... Be6 {is more complex.} 20. b3 Nbd5 21. Re1 Rad8 22. Nxd5 Rxd5 23. Bc3 Ne4) 20. Be1 Rxd1 21. Nxd1 Nbd5 22. Bf2 Be4 23. Rc4 Rd8 24. Rd4 c5 25. Rd2 Rd7 26. Bh4 Nb6 27. Rxd7 Nbxd7 28. Nc3 Bd3 29. Nd5 Ne4 30. Ne7+ (30. Bb3 $11 {keeps the balance.}) 30... Kf8 $17 31. Nc8 c4 $1 32. Nxa7 $2 (32. Be1 $17 {is a better defense.}) 32... Ndc5 33. Be1 Na4 $1 34. Nb5 Nxb2 35. Bb4+ Kg8 36. Nc3 Nxc3 37. Bxc3 $19 {[%mdl 4096] Endgame KBB-KBN} Nd1 38. Bd2 c3 (38... h4 $19 39. a4 Kh7) 39. Bb3 $17 c2 40. g4 h4 41. Kg2 Be4+ 42. Kf1 Bd3+ (42... Kf8 $15) 43. Ke1 g6 44. Bc1 Be4 45. g5 Kf8 46. a4 $132 {[%mdl 2048] White is fighting back} Kg7 47. a5 f6 48. Bc4 (48. gxf6+ $11 Kxf6 49. Kd2) 48... fxg5 $15 49. fxg5 Kf8 $1 50. Be2 Nc3 51. Bf1 Nb1 52. Bb2 Ke7 53. Bc4 Kd6 54. a6 $2 {[%mdl 8192]} (54. Ke2 $17) 54... bxa6 $19 55. Bxa6 Ke6 $2 (55... Kc5 $19 56. Bc8 Kc4) 56. Bc8+ $17 Kd6 (56... Ke7 $17) 57. Ba6 $1 $19 {[#]} Nc3 $1 {[%mdl 512]} 58. Kd2 $17 (58. Bxc3 c1=Q+) 58... Nd1 $1 {[%cal Rd1b2]} 59. Ba3+ Ke5 60. Be2 $2 {[%mdl 8192] [#]} (60. Bc1 $17) 60... Nf2 $1 $19 61. Bf1 (61. Bb2+ $142 Kf5 62. Bf1) 61... Bf5 62. Bb2+ Kd6 63. Ba3+ {[#]} Ke6 $2 (63... Kd5 $1 $19 64. Ke1 Nxh3 65. Bg2+ Kc4) 64. Bc4+ $2 (64. Ba6 $17) 64... Kd7 $2 (64... Ke5 $19 {is more deadly.} 65. Bb2+ Kd6 66. Ba3+ Kc6) 65. Bb5+ $17 Kc7 66. e4 Nxe4+ 67. Kxc2 Bxh3 68. Kd3 ({Better is} 68. Be2) 68... Bg2 ({Resist} 68... Nxg5 69. Be7 $15) (68... Bf5 $17 {And now ...h3 would win.} 69. Ke3 h3) 69. Bc1 $1 $15 h3 70. Bf4+ Kb6 71. Be8 Nc5+ 72. Ke2 Ne6 73. Be3+ Kc7 74. Kf2 Be4 {...h2 is the strong threat.} 75. Kg3 Ng7 {Threatens to win with ...Nf5+.} 76. Bxg6 Bxg6 77. Kxh3 {Precision: White = 44%, Black = 50%.} 1/2-1/2

[Event "23nd Wasselonne Open 2018"]
[Site "Wasselonne"]
[Date "2018.08.04"]
[Round "5"]
[White "Mohota, Nisha"]
[Black "Lerch, Patrice"]
[Result "1-0"]
[WhiteElo "2268"]
[BlackElo "2388"]
[Annotator "TA"]
[PlyCount "93"]
[EventDate "2018.08.02"]
[EventType "swiss"]
[EventCountry "FRA"]
[SourceTitle "playchess.com"]
[Source "ChessBase"]
[SourceQuality "1"]

{[%evp 9,93,57,44,55,48,45,69,-18,-13,-12,94,86,86,86,97,89,92,89,93,83,103,70,103,95,90,93,111,80,89,65,108,66,112,81,82,76,76,77,84,84,84,75,102,-30,0,15,8,14,7,0,66,29,85,57,50,0,64,68,941,939,905,885,1009,995,979,976,977,967,976,965,971,951,1073,1106,1759,2126,1356,1119,29979,29980,29985,29986,29986,29987,29981,6732]} 1. e4 c5 2. Nf3 Nc6 3. Bb5 Qc7 4. O-O Nf6 5. Re1 e5 {LiveBook: 3 Partien} (5... e6 6. e5 Nd5 7. c4 Ndb4 8. d3 Nd4 9. Nxd4 cxd4 10. a3 Nc6 11. Bf4 Ne7 12. Nd2 Ng6 13. Bg3 h5 {1-0 (110) Stellwagen,D (2630)-Ljubojevic,L (2553) Amsterdam 2009}) 6. c3 {B30: Sizilianisch (Rossolimo-Variante)} a6 7. Bf1 Be7 8. h3 $146 ({Günstiger ist} 8. d4 $14) ({Vorgänger:} 8. d4 cxd4 9. cxd4 exd4 10. e5 Ng4 11. Bf4 Qb6 12. h3 Nh6 13. Nbd2 {1-0 (29) Kozionov,K (2393)-Nikulina,A (2047) Izhevsk 2014}) 8... O-O $11 9. d4 d6 (9... cxd4 $11 10. cxd4 exd4) 10. d5 $16 Nb8 11. a4 Nbd7 12. Na3 Kh8 13. Nc4 b6 14. b4 Rb8 15. Bd3 Ng8 16. Qe2 g6 17. Ne3 Ra8 18. Ba3 a5 19. b5 Qd8 20. Bc1 Ra7 21. Qc2 Ndf6 22. Nc4 Nh5 23. Nfxe5 dxe5 24. Nxe5 Bd7 25. c4 Bf6 {[#]} 26. Nxd7 (26. Bb2 $1 $16) 26... Bxa1 (26... Rxd7 {is more complex.} 27. e5 Re7 28. Qc3 Rfe8 29. f4 Bg7) 27. Nxf8 Qxf8 28. g4 Ng7 29. e5 Qd8 (29... Bd4 $11) 30. Kg2 {[%mdl 1024] Weiss hat Kompensation.} Qh4 (30... Re7 $11) 31. g5 {Und weiter mit Te4 wäre nett.} Qd4 $1 32. Bd2 Re7 (32... Ne7 $11) 33. f4 $36 {[%mdl 2048] Weiss steht aktiver.} Nf5 $2 {[%mdl 8192]} (33... Rd7 $14) 34. Bxf5 $18 gxf5 {[#]} 35. Rxa1 $1 {[%mdl 512]} h6 (35... Qxa1 36. Bc3) 36. Re1 Kg7 37. Be3 Qe4+ 38. Qxe4 fxe4 {[%mdl 4096] Endspiel KTL-KTS} 39. Bc1 Kg6 40. d6 {[%cal Bd5d6,Bd6d7][%mdl 32]} Re8 41. Rxe4 f6 42. d7 Rd8 43. gxf6 Kf5 44. e6 {Weiß setzt Matt.} Kxf6 45. Bb2+ Ke7 46. f5 Rf8 47. Rg4 {Precision: Weiß = 48%, Schwarz = 30%.} 1-0